| 000 | 00000nas##2200000za#4500 |
| 001 | 9.513111 |
| 003 | CaOODSP |
| 005 | 20210615082741 |
| 007 | ta |
| 008 | 150406c1994||||xxc|| m #||||f| |0fre|d |
| 040 | |aCaOODSP|bfre |
| 043 | |an-cn--- |
| 086 | 1 |aL31-85F |
| 110 | 1 |aCanada.|bDéveloppement des ressources humaines Canada. |
| 245 | 10|aCode canadien du travail, Partie II |
| 250 | |aDocument de travail consolidé |
| 260 | |aOttawa - Ontario : |bDéveloppement des ressources humaines Canada |
| 520 | 3 |aRèglement concernant la santé et la sécurité au travail pris en vertu de la Partie II du Code canadien du travail; Règlement concernant les comités de sécurité et de santé et les représentants à la sécurité et à la santé. |
| 563 | |aFeuilles mobiles |
| 775 | 08|tCanada Labour Code. Part II |w(CaOODSP)9.514752 |